| 000 | 00447nam a2200169Ia 4500 | ||
|---|---|---|---|
| 008 | 230524s9999 xx 000 0 und d | ||
| 082 |
_a4.6 _bWHI |
||
| 100 | _aMichael E.Whitman | ||
| 245 | 0 | _aPrinciples and Practices of Information Security (India Edition) | |
| 250 | _aIST | ||
| 260 |
_aNEW DELHI _bCengage _c2010 |
||
| 300 | _aVII;435 | ||
| 500 | _aQuantity Number: 2 | ||
| 650 | _aComp-Sc | ||
| 700 | _a Herbert J.Mattord | ||
| 942 | _cBK | ||
| 999 |
_c46556 _d46556 |
||